Hitler's willing executioners : ordinary Germans and the Holocaust

Saved in:
Bibliographic Details
Main Author: Goldhagen, Daniel Jonah
Format: Book
Language:English
Published: London : Abacus, 1997.
Subjects:
Tags: Add Tag
No Tags, Be the first to tag this record!

MARC

LEADER 00000nam a2200000 a 4500
001 1/127443
008 231009s1997####enk| ||| |||| ||eng||
020 |a 9780349107868 
040 |a GR-MyUa  |b gre  |c GR-MyUa  |e AACR2 
041 0 |a eng 
082 7 |a 940.5318   |2 (23) 
100 1 |a Goldhagen, Daniel Jonah. 
245 1 0 |a Hitler's willing executioners :   |b ordinary Germans and the Holocaust /   |c Daniel Jonah Goldhagen. 
260 |a London :   |b Abacus,   |c 1997. 
300 |a 634 σ. :   |b φωτ., χάρτες ;   |c 20 εκ.  
504 |a Περιλαμβάνει βιβλιογραφικές παραπομπές, σημειώσεις και ευρετήριο. 
650 0 |a Antisemitism  |z Germany. 
650 0 |a Holocaust, Jewish (1939-1945)  |x Causes. 
650 0 |a War criminals  |z Germany  |x Psychology. 
852 |a INST  |b RHODES  |e 20231009  |h 940.5318 GOL  |p 005400043821  |q 005400043821  |t BK  |y 0 
970 |z 09-10-2023